| 000 | 00827nam a22002657a 4500 | ||
|---|---|---|---|
| 001 | 60701 | ||
| 003 | CO-BoRNBP | ||
| 005 | 20260317151630.0 | ||
| 007 | ta | ||
| 008 | 260317s2021 uy a|||| |||| 00| 0 spa d | ||
| 020 | _a9789974728080 | ||
| 040 |
_aCO-BoRNBP _bspa _cCO-BoRNBP _erda |
||
| 084 | _aC DIN | ||
| 245 |
_aDinosaurios: choque de titanes/ _cEquipo editorial Latinbooks. |
||
| 250 | _aPrimera edición | ||
| 264 |
_aMontevideo, Uruguay _bLatinbooks _c©2021 |
||
| 300 |
_a8 páginas, _bilustraciones a color, formato pop-up, _c25 cm |
||
| 336 |
_2rdacontent _atexto _btxt |
||
| 337 |
_2rdamedia _asin mediación _bn |
||
| 338 |
_2rdacarrier _avolumen _bnc |
||
| 650 |
_2LEMB _aLiteratura infantil _92746 |
||
| 650 |
_2LEMB _aDinosaurios _94600 |
||
| 650 |
_2LEMB _aAnimales prehistóricos _969422 |
||
| 942 |
_2ddc _cBKLITI |
||
| 999 |
_c60701 _d60701 |
||